000 00486nam a2200193 a 4500
001 1765635237965
003 YourLibrary
005 20251216152706.0
008 251213s1996##################000#0#eng##
020 _a9780415127714
082 0 4 _a221.6
_bGEL
100 1 _aGeller, Stephen A.,
_eauthor.
245 1 0 _aSacred Enigmas :
260 _bPsychology Press,
_c1996.
300 _a224 pages
650 0 _aHistory.
942 _cENGLISH
040 _aYourLibrary
_beng
_cYourLibrary
999 _c602681
_d602681